Online
Catalog

Historia del tiempo : (Record no. 40122)

MARC details
000 -CABECERA
campo de control de longitud fija 00752nam a2200205 a 4500
001 - NÚMERO DE CONTROL
campo de control 000040632
005 - FECHA Y HORA DE LA ÚLTIMA TRANSACCIÓN
campo de control 20201002034250.0
008 - DATOS DE LONGITUD FIJA--INFORMACIÓN GENERAL
campo de control de longitud fija 130904s2010 sp a 001 0 spa d
020 ## - NÚMERO INTERNACIONAL ESTÁNDAR DEL LIBRO
Número Internacional Estándar del Libro 9788420639710
040 ## - FUENTE DE LA CATALOGACIÓN
Centro catalogador/agencia de origen DO-SdBNP
Lengua de catalogación spa
Centro/agencia transcriptor BNPHU
100 1# - ENTRADA PRINCIPAL--NOMBRE DE PERSONA
Nombre de persona Hawking, S.W.
Información miscelánea (Stephen W.)
9 (RLIN) 66983
240 10 - TÍTULO UNIFORME
Título uniforme ABrief history of time, from the big to black
245 10 - MENCIÓN DE TÍTULO
Título Historia del tiempo :
Resto del título Del big bang a los agujeros negros /
Mención de responsabilidad, etc. Stephen W. Hawking; traducción Miguel Ortuño.
260 ## - PUBLICACIÓN, DISTRIBUCIÓN, ETC.
Lugar de publicación, distribución, etc. Madrid :
Nombre del editor, distribuidor, etc. Alianza,
Fecha de publicación, distribución, etc. 2010.
300 ## - DESCRIPCIÓN FÍSICA
Extensión 267 p. :
Otras características físicas il. ;
Dimensiones 20 cm.
490 1# - MENCIÓN DE SERIE
Mención de serie El libro de bolsillo ;
-- Ciencia y técnica
500 ## - NOTA GENERAL
Nota general Undécima reimpresión
700 1# - PUNTO DE ACCESO ADICIONAL--NOMBRE DE PERSONA
Nombre de persona Ortuño, Miguel
Término indicativo de función/relación tr.
9 (RLIN) 66984
830 #0 - PUNTO DE ACCESO ADICIONAL DE SERIE-TÍTULO UNIFORME
Título uniforme El libro de bolsillo
Nombre de parte o sección de la obra Ciencia y técnica
9 (RLIN) 47029
Holdings
Estado de retiro Estado de pérdida Restricciones de uso No para préstamo Código de colección Localización permanente Ubicación/localización actual Ubicación en estantería Fecha de adquisición Número de inventario Total de préstamos Signatura topográfica completa Código de barras Fecha visto por última vez Precio válido a partir de Tipo de ítem Koha
      Excluido de préstamo Monografías: Libros y Folletos General General En catalogación 04.09.2013 LF1   40632-10 25.06.2020 25.06.2020 No se presta

Powered by Koha